| 000 | 00859nam a2200241 i 4500 | ||
|---|---|---|---|
| 001 | 1367844874 | ||
| 003 | OSt | ||
| 005 | 20250416155310.0 | ||
| 008 | 230201s2022 si a o 000 0 eng d | ||
| 020 | _z9789811965272 (hardcover) | ||
| 040 |
_aGW5XE _beng _erda _cGW5XE _dNUST |
||
| 050 | 4 | _aTK7871.58.P6 LIT | |
| 100 | 1 |
_aLitovski, Vančo B _eAuthor. |
|
| 245 | 1 | 0 |
_aLecture notes in analog electronics : _bdiscrete and integrated large signal amplifiers / _cVančo B Litovski. |
| 260 |
_aSingapore : _bSpringer, _c2023. |
||
| 300 |
_axv, 365 pages : _bIllustrations ; _c24 cm. |
||
| 336 |
_2rdacontent _atext _btxt |
||
| 337 |
_2rdamedia _aunmediated _bn |
||
| 338 |
_2rdacarrier _avolume _bnc |
||
| 504 | _aIncludes bibliographical references and index. | ||
| 650 | 0 | _vPower amplifiers. | |
| 942 |
_2lcc _cBOOKS _hTK7871.58.P6 LIT _kTK _mLIT _n0 |
||
| 999 |
_c171644 _d171644 |
||